[Event "Ottawa Eastern Ontario op"]
[Site "Ottawa"]
[Date "2019.06.16"]
[Round "5.7"]
[White "Kuttner, Simon"]
[Black "Molnar, Jozsef"]
[Result "0-1"]
[WhiteElo "1992"]
[BlackElo "2106"]
[PlyCount "96"]
[EventDate "2019.06.14"]
[EventType "swiss"]
[EventRounds "5"]
[EventCountry "CAN"]
[SourceTitle "EXT 2022"]
[Source "ChessBase"]
[SourceDate "2021.10.06"]
[SourceVersion "1"]
[SourceVersionDate "2021.10.06"]
[SourceQuality "1"]

1. e4 c5 2. Nc3 d6 3. f4 Nc6 4. Nf3 g6 5. g3 Bg7 6. Bg2 Nf6 7. d3 0-0 8. 0-0 a6 9. h3 Qc7 10. Be3 b5 11. e5 Ne8 12. d4 Bb7 13. Nd5 Qd8 14. dxc5 dxe5 15. Nb6 exf4 16. Bxf4 Bxb2 17. Rb1 Bg7 18. Nxa8 Qxa8 19. Qe2 Nf6 20. Rfd1 Nh5 21. Qf2 Nxf4 22. gxf4 Qb8 23. Qe3 Re8 24. Ne5 Nxe5 25. Bxb7 Qxb7 26. fxe5 e6 27. c4 b4 28. a3 a5 29. axb4 axb4 30. Rd6 Bf8 31. c6 Qc7 32. Rd7 Qxc6 33. Qd3 Qc5+ 34. Kh1 Qxe5 35. Qf3 Qf5 36. Qxf5 exf5 37. Rc7 Re3 38. Kg2 Rc3 39. Rd1 b3 40. Rb7 Rc2+ 41. Kf3 b2 42. Rd3 Be7 43. Rd5 Bf6 44. Rb8+ Kg7 45. c5 Rc1 46. c6 b1Q 47. Rxb1 Rxb1 48. Rc5 Rb8 0-1

[Event "Budapest Karacsonyi op 10th"]
[Site "Budapest"]
[Date "2018.12.29"]
[Round "5"]
[White "Spanos, Nomikos"]
[Black "Molnar, Jozsef"]
[Result "0-1"]
[WhiteElo "1801"]
[BlackElo "2096"]
[PlyCount "106"]
[EventDate "2018.12.27"]
[EventType "swiss"]
[EventRounds "7"]
[EventCountry "HUN"]
[SourceTitle "CBM 188 Extra"]
[Source "ChessBase"]
[SourceDate "2019.02.26"]
[SourceVersion "1"]
[SourceVersionDate "2019.02.26"]
[SourceQuality "1"]

1. Nf3 Nf6 2. g3 g6 3. Bg2 d5 4. d4 c5 5. c3 Bg7 6. Bf4 0-0 7. 0-0 Nc6 8. Ne5 Nh5 9. Nxc6 bxc6 10. Qd2 Nxf4 11. Qxf4 Qb6 12. e4 Qxb2 13. Nd2 Qxc3 14. Rac1 Qxd4 15. Nb3 Qa4 16. Nxc5 Qxa2 17. Qc7 Ba6 18. Nxa6 Qxa6 19. Rxc6 Rfc8 20. Rxa6 Rxc7 21. exd5 Rd8 22. Rb1 Bd4 23. Be4 f5 24. Bf3 Rc2 25. Rf1 Rb8 26. d6 exd6 27. Rxd6 Rd2 28. Bd5+ Kh8 29. Rd7 a5 30. Kg2 Rbb2 31. Rd8+ Kg7 32. Rd7+ Kf6 33. Rxh7 Bxf2 34. Kh1 Bxg3 35. hxg3 Rxd5 36. g4 a4 37. Ra7 Rdd2 38. Ra1 Rh2+ 39. Kg1 Rbg2+ 40. Kf1 Rxg4 41. R1xa4 Rxa4 42. Rxa4 Kg5 43. Kg1 Rb2 44. Ra6 Kh5 45. Ra5 Kg4 46. Kh1 g5 47. Ra4+ f4 48. Ra3 f3 49. Ra5 Kh3 50. Rxg5 Rb1+ 51. Rg1 Rxg1+ 52. Kxg1 Kg3 53. Kh1 Kf2 0-1

[Event "Budapest Karacsonyi op 10th"]
[Site "Budapest"]
[Date "2018.12.27"]
[Round "1"]
[White "Molnar, Jozsef"]
[Black "Bartuszek, Andras"]
[Result "0-1"]
[WhiteElo "2096"]
[BlackElo "1817"]
[PlyCount "66"]
[EventDate "2018.12.27"]
[EventType "swiss"]
[EventRounds "7"]
[EventCountry "HUN"]
[SourceTitle "CBM 188 Extra"]
[Source "ChessBase"]
[SourceDate "2019.02.26"]
[SourceVersion "1"]
[SourceVersionDate "2019.02.26"]
[SourceQuality "1"]

1. e4 c5 2. Nf3 d6 3. Be2 Nf6 4. c3 e5 5. 0-0 Be7 6. d4 exd4 7. cxd4 0-0 8. Nc3 cxd4 9. Nxd4 a6 10. Bf3 Qa5 11. Bf4 Rd8 12. Qe2 Bf8 13. Rfd1 Nbd7 14. Nb3 Qc7 15. Bg5 Re8 16. Rac1 Qb8 17. h3 b5 18. a3 Bb7 19. Na5 Bc8 20. b4 h6 21. Bh4 g5 22. Bg3 Ne5 23. Bxe5 dxe5 24. Nd5 Nxd5 25. exd5 e4 26. Bh5 Bd7 27. Nb3 Qe5 28. Bg4 Bd6 29. g3 Bxg4 30. Qxg4 e3 31. f4 Qb2 32. fxg5 Qf2+ 33. Kh1 h5 0-1

[Event "HUN-chT2 Erkel 1819"]
[Site "Hungary"]
[Date "2018.10.28"]
[Round "1.10"]
[White "Virag, Balint"]
[Black "Molnar, Jozsef"]
[Result "1-0"]
[WhiteElo "2052"]
[BlackElo "2127"]
[PlyCount "105"]
[EventDate "2018.10.28"]
[EventType "team-tourn"]
[EventRounds "9"]
[EventCountry "HUN"]
[SourceTitle "EXT 2021"]
[Source "ChessBase"]
[SourceDate "2020.10.23"]
[SourceVersion "1"]
[SourceVersionDate "2020.10.23"]
[SourceQuality "1"]
[WhiteTeam "Budapest MTK II"]
[BlackTeam "Budapest EAC"]
[WhiteTeamCountry "HUN"]
[BlackTeamCountry "HUN"]

1. e4 e6 2. d4 d5 3. Nd2 dxe4 4. Nxe4 Nd7 5. Nf3 Ngf6 6. Bg5 Be7 7. Nxf6+ gxf6 8. Bf4 Nb6 9. Bd3 Bd7 10. Be4 Nc4 11. b3 Bb4+ 12. Nd2 Nd6 13. Bxd6 cxd6 14. d5 e5 15. Qf3 h5 16. c3 Ba5 17. Nc4 Bc7 18. Bf5 Bxf5 19. Qxf5 Rh6 20. 0-0 Qd7 21. Ne3 Bb6 22. Qxd7+ Kxd7 23. Nf5 Rg6 24. h4 Re8 25. c4 Rg4 26. g3 e4 27. Rae1 Re5 28. Ne3 Rg8 29. Kh2 f5 30. Ng2 Ree8 31. Re2 Bd4 32. Ne3 Re5 33. Nc2 Bb6 34. f4 exf3 35. Rxe5 dxe5 36. Rxf3 f4 37. gxf4 exf4 38. Rf1 Rg4 39. Kh3 Bd8 40. Nd4 Rxh4+ 41. Kg2 Bc7 42. Nf5 Rg4+ 43. Kf3 Rg6 44. Ke4 b6 45. b4 Rg2 46. d6 Bd8 47. Rxf4 Rxa2 48. Kd5 Ra4 49. Nd4 f6 50. c5 bxc5 51. bxc5 Ra5 52. Rh4 Bb6 53. Ne6 1-0

[Event "Budapest Karacsonyi op 8th"]
[Site "Budapest"]
[Date "2016.12.29"]
[Round "4"]
[White "Molnar, Jozsef"]
[Black "Pasti, Aron"]
[Result "1/2-1/2"]
[WhiteElo "2088"]
[BlackElo "1800"]
[PlyCount "88"]
[EventDate "2016.12.27"]
[EventType "swiss"]
[EventRounds "7"]
[EventCountry "HUN"]
[SourceTitle "CBM 176 Extra"]
[Source "ChessBase"]
[SourceDate "2017.03.02"]
[SourceVersion "1"]
[SourceVersionDate "2017.03.02"]
[SourceQuality "1"]

1. e4 e5 2. Nf3 Nc6 3. Bb5 a6 4. Ba4 d6 5. d3 Nf6 6. c3 b5 7. Bc2 Be7 8. 0-0 Bg4 9. Nbd2 0-0 10. Re1 Re8 11. h3 Bh5 12. Nf1 Rb8 13. Ng3 Bg6 14. d4 exd4 15. cxd4 Nh5 16. Ne2 Nf6 17. Nf4 Qd7 18. Ng5 Bd8 19. Nxg6 hxg6 20. Bb3 d5 21. exd5 Rxe1+ 22. Qxe1 Nxd4 23. d6 Nxb3 24. dxc7 Bxc7 25. axb3 Re8 26. Be3 Bf4 27. Qd1 Qxd1+ 28. Rxd1 Rxe3 29. fxe3 Bxe3+ 30. Kf1 Bxg5 31. Rd8+ Kh7 32. Ra8 Ne4 33. Ke2 Bf6 34. Rxa6 Bxb2 35. Rb6 Nc3+ 36. Kd3 Nd5 37. Rxb5 Nf4+ 38. Kc2 Bf6 39. Rb7 Nxg2 40. Rxf7 Kg8 41. Rd7 Nf4 42. b4 Kf8 43. b5 Ke8 44. Rd1 Bd8 1/2-1/2

[Event "Budapest Karacsonyi op 8th"]
[Site "Budapest"]
[Date "2016.12.27"]
[Round "1"]
[White "Di Giovanni, Vilmos"]
[Black "Molnar, Jozsef"]
[Result "0-1"]
[WhiteElo "1727"]
[BlackElo "2088"]
[PlyCount "62"]
[EventDate "2016.12.27"]
[EventType "swiss"]
[EventRounds "7"]
[EventCountry "HUN"]
[SourceTitle "CBM 176 Extra"]
[Source "ChessBase"]
[SourceDate "2017.03.02"]
[SourceVersion "1"]
[SourceVersionDate "2017.03.02"]
[SourceQuality "1"]

1. d4 Nf6 2. Nf3 g6 3. Bf4 Bg7 4. e3 0-0 5. Nbd2 d6 6. h3 Re8 7. Bc4 c6 8. 0-0 b5 9. Bb3 a5 10. a4 h6 11. c3 Nbd7 12. Qc2 Nf8 13. e4 Nh5 14. Be3 e5 15. d5 Bb7 16. Qd3 b4 17. dxc6 Bxc6 18. Qc4 Qd7 19. cxb4 axb4 20. Qxb4 Rab8 21. Qc3 Nf4 22. Bc4 Bxa4 23. b3 Rec8 24. Rxa4 Ne2+ 25. Bxe2 Rxc3 26. Bc4 Rcxb3 27. Bxb3 Rxb3 28. Nxb3 Qxa4 29. Nfd2 f5 30. Ra1 Qb4 31. f3 Ne6 0-1

[Event "HUN-chT2 Erkel 1617"]
[Site "Hungary"]
[Date "2016.10.09"]
[Round "2.7"]
[White "Gal, Peter1111"]
[Black "Molnar, Jozsef"]
[Result "0-1"]
[WhiteElo "2068"]
[BlackElo "2196"]
[PlyCount "124"]
[EventDate "2016.09.25"]
[EventType "team-tourn"]
[EventRounds "11"]
[EventCountry "HUN"]
[SourceTitle "EXT 2021"]
[Source "ChessBase"]
[SourceDate "2020.10.23"]
[SourceVersion "1"]
[SourceVersionDate "2020.10.23"]
[SourceQuality "1"]
[WhiteTeam "Andornaktalya"]
[BlackTeam "Budapest EAC"]
[WhiteTeamCountry "HUN"]
[BlackTeamCountry "HUN"]

1. e4 e6 2. f4 d5 3. e5 c5 4. Nf3 Nc6 5. c3 Qb6 6. Qb3 Qc7 7. d3 Bd7 8. Be3 Nh6 9. g3 b5 10. Nbd2 Be7 11. Be2 Rb8 12. Qc2 a5 13. Nb3 Na7 14. 0-0 a4 15. Nc1 0-0 16. Kg2 Rfc8 17. Qd2 Nc6 18. h3 d4 19. Bf2 Qa5 20. g4 dxc3 21. bxc3 b4 22. c4 Qc7 23. Rb1 Rd8 24. Qc2 g6 25. Be3 Kg7 26. Nd2 Ng8 27. Ne4 Na5 28. Bf3 Bc6 29. Qf2 Rbc8 30. h4 f5 31. gxf5 exf5 32. Ng5 Bxg5 33. hxg5 h5 34. Qb2 Kf7 35. Kg3 Bxf3 36. Rxf3 Qc6 37. a3 b3 38. Qc3 Nb7 39. Ne2 Ne7 40. Bc1 Qe6 41. Bb2 Nc6 42. Rd1 Rd7 43. Kf2 Rcd8 44. Re3 Nd4 45. Rh3 Qc6 46. Nxd4 Rxd4 47. Qc1 R4d7 48. Qe3 Ke6 49. Qe2 Na5 50. Rc1 Qb7 51. Bc3 Nc6 52. Rb1 Nd4 53. Qd1 Nc2 54. Bb2 Qe4 55. dxe4 Rxd1 56. exf5+ Kxf5 57. Rxd1 Rxd1 58. Ke2 Rb1 59. Bc3 Nxa3 60. Re3 Ke6 61. f5+ gxf5 62. Rh3 b2 0-1

[Event "HUN-chT2 Erkel 1617"]
[Site "Hungary"]
[Date "2016.09.25"]
[Round "1.6"]
[White "Suhajda, Attila"]
[Black "Molnar, Jozsef"]
[Result "1-0"]
[WhiteElo "2063"]
[BlackElo "2196"]
[PlyCount "67"]
[EventDate "2016.09.25"]
[EventType "team-tourn"]
[EventRounds "11"]
[EventCountry "HUN"]
[SourceTitle "EXT 2021"]
[Source "ChessBase"]
[SourceDate "2020.10.23"]
[SourceVersion "1"]
[SourceVersionDate "2020.10.23"]
[SourceQuality "1"]
[WhiteTeam "Sarkany DSE"]
[BlackTeam "Budapest EAC"]
[WhiteTeamCountry "HUN"]
[BlackTeamCountry "HUN"]

1. e4 e6 2. d4 d5 3. Nc3 Nf6 4. e5 Nfd7 5. f4 c5 6. Nf3 Nc6 7. Be3 Be7 8. Qd2 0-0 9. 0-0-0 c4 10. a3 a6 11. f5 b5 12. Bg5 Rb8 13. f6 gxf6 14. Bh6 fxe5 15. Qf2 Kh8 16. dxe5 Rg8 17. Qe3 a5 18. Ne2 b4 19. a4 b3 20. c3 Nc5 21. Ned4 Nxd4 22. Rxd4 Qe8 23. Ng5 f5 24. exf6 Bxf6 25. Rf4 Qg6 26. Qf2 Nd7 27. h4 Bxg5 28. hxg5 e5 29. Rf7 Nc5 30. Qf6+ Qxf6 31. gxf6 Re8 32. Be3 Ne6 33. Rfxh7+ Kg8 34. f7+ 1-0

[Event "HUN-chT2 Erkel 1516"]
[Site "Hungary"]
[Date "2016.02.28"]
[Round "8.6"]
[White "Halasz, Csaba"]
[Black "Molnar, Jozsef"]
[Result "0-1"]
[WhiteElo "2087"]
[BlackElo "2140"]
[PlyCount "114"]
[EventDate "2015.09.13"]
[EventType "team-tourn"]
[EventRounds "11"]
[EventCountry "HUN"]
[SourceTitle "EXT 2017"]
[Source "ChessBase"]
[SourceDate "2016.10.25"]
[SourceVersion "1"]
[SourceVersionDate "2016.10.25"]
[SourceQuality "1"]
[WhiteTeam "MAFC"]
[BlackTeam "Barcza BEAC"]
[WhiteTeamCountry "HUN"]
[BlackTeamCountry "HUN"]

1. e4 e6 2. d4 d5 3. e5 c5 4. c3 Nc6 5. Nf3 Qb6 6. Bd3 Bd7 7. dxc5 Bxc5 8. 0-0 a5 9. Nbd2 a4 10. Rb1 Nge7 11. b4 axb3 12. Qxb3 Qxb3 13. axb3 Ng6 14. Re1 0-0 15. b4 Bb6 16. Nb3 Ra2 17. Rb2 Rfa8 18. Bb1 R2a3 19. Be3 Bc7 20. Bd4 b6 21. Bxg6 hxg6 22. Rc1 R8a7 23. Kf1 Kf8 24. g4 Ke7 25. g5 Kd8 26. Kg2 Nxd4 27. Nbxd4 b5 28. Nb3 Bb6 29. Nbd4 Rc7 30. Rb3 Ra2 31. Rc2 Ra1 32. Rbb2 Ke7 33. Rb3 Rd1 34. Rd2 Rc1 35. Rc2 Ra1 36. Rbb2 Rc4 37. Nd2 Rxd4 38. cxd4 Bxd4 39. Nf3 Bxb2 40. Rxb2 Rc1 41. Nd2 f6 42. f4 fxe5 43. fxe5 Re1 44. Nf3 Re4 45. Kf2 Bc6 46. Rc2 Kd7 47. Ra2 Kc7 48. Rb2 Kb6 49. Rb3 Rc4 50. Nd2 d4 51. Nxc4+ bxc4 52. Rb1 c3 53. Rd1 Kb5 54. Ke2 Kc4 55. Ra1 d3+ 56. Ke3 d2 57. h4 Bf3 0-1

[Event "HUN-chT2 Erkel 1516"]
[Site "Hungary"]
[Date "2015.11.08"]
[Round "4.4"]
[White "Miklos, Daniel"]
[Black "Molnar, Jozsef"]
[Result "0-1"]
[WhiteElo "1965"]
[BlackElo "2135"]
[PlyCount "104"]
[EventDate "2015.09.13"]
[EventType "team-tourn"]
[EventRounds "11"]
[EventCountry "HUN"]
[SourceTitle "CBM 170 Extra"]
[Source "ChessBase"]
[SourceDate "2016.02.25"]
[SourceVersion "1"]
[SourceVersionDate "2016.02.25"]
[SourceQuality "1"]
[WhiteTeam "Salgotarjan"]
[BlackTeam "Barcza BEAC"]
[WhiteTeamCountry "HUN"]
[BlackTeamCountry "HUN"]

1. e4 e6 2. d4 d5 3. exd5 exd5 4. Nf3 Bd6 5. Bg5 f6 6. Be3 Ne7 7. c4 c6 8. Qb3 Qb6 9. Qxb6 axb6 10. Nc3 Be6 11. Nd2 Na6 12. a3 Nc7 13. Be2 0-0 14. 0-0 Rfe8 15. Rfe1 Nf5 16. Bd3 Nxe3 17. fxe3 Bf7 18. cxd5 Nxd5 19. e4 Nxc3 20. bxc3 Rxa3 21. Rxa3 Bxa3 22. Nc4 Bxc4 23. Bxc4+ Kf8 24. Rb1 Rxe4 25. Rxb6 Re7 26. Kf1 Bd6 27. h3 Bg3 28. Be2 Ke8 29. c4 Kd8 30. Rb3 Bf4 31. Kf2 Kc7 32. Rd3 Kd6 33. Kf3 g5 34. Bd1 Bc1 35. Bb3 c5 36. d5 f5 37. Bc2 g4+ 38. hxg4 fxg4+ 39. Kg3 h5 40. Kh4 Re2 41. Bd1 Rxg2 42. Kxh5 g3 43. Kg4 Rg1 44. Bf3 b6 45. Rb3 Kc7 46. Rd3 Bb2 47. Kf4 Bd4 48. Ra3 g2 49. Ra7+ Kd6 50. Bg4 Rf1+ 51. Ke4 Re1+ 52. Kf4 Re7 0-1

[Event "Budapest-chT1 Lilienthal 1516"]
[Site "Budapest"]
[Date "2015.09.20"]
[Round "1"]
[White "Molnar, Jozsef"]
[Black "Polyik, Peter"]
[Result "1/2-1/2"]
[WhiteElo "2158"]
[BlackElo "2178"]
[PlyCount "82"]
[EventDate "2015.09.20"]
[EventType "team-tourn"]
[EventRounds "9"]
[EventCountry "HUN"]
[SourceTitle "EXT 2021"]
[Source "ChessBase"]
[SourceDate "2020.10.23"]
[SourceVersion "1"]
[SourceVersionDate "2020.10.23"]
[SourceQuality "1"]
[WhiteTeam "Budapest EAC II"]
[BlackTeam "Penzugyor III"]
[WhiteTeamCountry "HUN"]
[BlackTeamCountry "HUN"]

1. e4 c5 2. Nf3 d6 3. d4 cxd4 4. Nxd4 Nf6 5. Nc3 g6 6. Be3 Bg7 7. f3 0-0 8. Qd2 Nc6 9. g4 Be6 10. h4 d5 11. e5 Nxe5 12. h5 Nxf3+ 13. Nxf3 Bxg4 14. Be2 Ne4 15. Nxe4 dxe4 16. Nd4 e5 17. Nb3 Qxd2+ 18. Nxd2 Bxe2 19. Kxe2 f5 20. hxg6 hxg6 21. Bh6 Rac8 22. c3 Kf7 23. Bg5 Rh8 24. Raf1 Ke6 25. Rfg1 Rxh1 26. Rxh1 Rh8 27. Rxh8 Bxh8 28. a4 Bf6 29. Be3 f4 30. Bxa7 Kf5 31. Nc4 Be7 32. b4 e3 33. a5 Ke4 34. Nxe3 fxe3 35. b5 Kd5 36. a6 bxa6 37. bxa6 Kc6 38. Bxe3 Kc7 39. Kf3 Kb8 40. Ke4 Ba3 41. c4 Bb2 1/2-1/2

[Event "HUN-chT2 Erkel 1415"]
[Site "Hungary"]
[Date "2014.10.05"]
[Round "1.6"]
[White "Szabolcsi, Janos"]
[Black "Molnar, Jozsef"]
[Result "0-1"]
[WhiteElo "2326"]
[BlackElo "2166"]
[PlyCount "64"]
[EventDate "2014.09.28"]
[EventType "team-tourn"]
[EventRounds "9"]
[EventCountry "HUN"]
[SourceTitle "EXT 2016"]
[Source "ChessBase"]
[SourceDate "2015.10.08"]
[SourceVersion "1"]
[SourceVersionDate "2015.10.08"]
[SourceQuality "1"]
[WhiteTeam "Budapest MTK"]
[BlackTeam "BEAC"]
[WhiteTeamCountry "HUN"]
[BlackTeamCountry "HUN"]

1. d4 d5 2. Nf3 Nf6 3. c4 c6 4. cxd5 cxd5 5. Nc3 Nc6 6. Bf4 e6 7. e3 Nh5 8. Be5 a6 9. Bd3 Bd7 10. 0-0 Rc8 11. e4 dxe4 12. Nxe4 Nxe5 13. Nxe5 Nf6 14. Ng5 Qb6 15. Ngxf7 Rg8 16. Qe2 Bd6 17. Nc4 Bxh2+ 18. Kxh2 Rxc4 19. Bxc4 Kxf7 20. Rad1 Rc8 21. Rfe1 Qc7+ 22. Kg1 Qxc4 23. Qf3 Bc6 24. Qh3 Bd5 25. a3 Qc2 26. b4 Rc3 27. Qh2 h5 28. Qf4 Qg6 29. g3 Qg4 30. Qxg4 Nxg4 31. Ra1 h4 32. Rec1 h3 0-1

[Event "HUN-chT2 Erkel 1314"]
[Site "Hungary"]
[Date "2014.04.27"]
[Round "11.6"]
[White "Molnar, Jozsef"]
[Black "Gubics, Peter"]
[Result "0-1"]
[WhiteElo "2193"]
[BlackElo "2058"]
[PlyCount "78"]
[EventDate "2013.09.08"]
[EventType "team-tourn"]
[EventRounds "11"]
[EventCountry "HUN"]
[SourceTitle "EXT 2016"]
[Source "ChessBase"]
[SourceDate "2015.10.08"]
[SourceVersion "1"]
[SourceVersionDate "2015.10.08"]
[SourceQuality "1"]
[WhiteTeam "Budapest EAC II"]
[BlackTeam "Fot"]
[WhiteTeamCountry "HUN"]
[BlackTeamCountry "HUN"]

1. e4 e6 2. g3 c5 3. Bg2 Nc6 4. f4 d5 5. e5 Nge7 6. Nf3 Nf5 7. d3 h5 8. c3 h4 9. g4 h3 10. Bf1 Nh4 11. Rg1 Nxf3+ 12. Qxf3 Qh4+ 13. Qg3 Qh7 14. Be3 Be7 15. Bf2 Bd7 16. Nd2 0-0-0 17. 0-0-0 f6 18. d4 cxd4 19. Bd3 Qg8 20. cxd4 fxe5 21. dxe5 Kb8 22. Kb1 Nb4 23. Bg6 Be8 24. f5 Bxg6 25. fxg6 Qe8 26. a3 Qxg6+ 27. Ka1 Bh4 28. Qxh4 Rxh4 29. Bxh4 Nc2+ 30. Ka2 Rh8 31. Be7 b6 32. Rg3 Kb7 33. Nf3 Qe4 34. Bd6 Rc8 35. Ng5 Qc4+ 36. Kb1 Qe2 37. Rh1 Nd4 38. Bb4 Qxe5 39. Nxh3 Qe4+ 0-1